<?xml version="1.0" encoding="UTF-8"?>
<collection xmlns="http://www.loc.gov/MARC21/slim">
<record>
  <controlfield tag="001">170683</controlfield>
  <controlfield tag="005">20260429150229.0</controlfield>
  <datafield tag="037" ind1=" " ind2=" ">
    <subfield code="a">TAZ-TFG-2026-420</subfield>
  </datafield>
  <datafield tag="041" ind1=" " ind2=" ">
    <subfield code="a">spa</subfield>
  </datafield>
  <datafield tag="100" ind1="1" ind2=" ">
    <subfield code="a">Azara Peralta, Jose Jorge</subfield>
  </datafield>
  <datafield tag="242" ind1="0" ind2="0">
    <subfield code="a">In silico study of the use of compounds from aromatic-medicinal plants as posible additives in agrifood industry.</subfield>
  </datafield>
  <datafield tag="245" ind1="0" ind2="0">
    <subfield code="a">Estudio in silico del uso de compuestos procedentes de plantas aromático-medicinales como posibles aditivos en la industria agroalimentaria.</subfield>
  </datafield>
  <datafield tag="260" ind1=" " ind2=" ">
    <subfield code="a">Zaragoza</subfield>
    <subfield code="b">Universidad de Zaragoza</subfield>
    <subfield code="c">2026</subfield>
  </datafield>
  <datafield tag="506" ind1=" " ind2=" ">
    <subfield code="a">by-nc-sa</subfield>
    <subfield code="b">Creative Commons</subfield>
    <subfield code="c">3.0</subfield>
    <subfield code="u">http://creativecommons.org/licenses/by-nc-sa/3.0/</subfield>
  </datafield>
  <datafield tag="520" ind1=" " ind2=" ">
    <subfield code="a">La sustitución de aditivos sintéticos por alternativas de origen natural constituye un reto prioritario en la industria agroalimentaria. Los compuestos bioactivos presentes en plantas aromático-medicinales como orégano, tomillo o romero han mostrado actividad antimicrobiana y antioxidante, aunque sus mecanismos de acción no siempre están claramente establecidos.&lt;br />La hipótesis de este trabajo es que un enfoque in silico permite discriminar entre mecanismos de acción específicos, basados en la interacción con dianas moleculares conservadas, y mecanismos inespecíficos asociados a propiedades fisicoquímicas. Se desarrolló un pipeline computacional que combina la predicción de dianas humanas, su validación funcional, el análisis evolutivo comparado humano-bacteria mediante BLAST y confirmación estructural mediante análisis de dominios conservados, junto con la evaluación de parámetros fisicoquímicos relacionados con la disrupción de membranas. El estudio se aplicó a compuestos terpénicos (carvacrol, timol, p-cimeno, germacreno D y β-cariofileno) y un flavonoide como la quercetina, evaluando su impacto sobre un panel de bacterias comensales y oportunistas relevantes en seguridad alimentaria. Los resultados indican que los terpenos actúan mediante mecanismos inespecíficos de disrupción de membrana, mientras que la quercetina presenta ortólogos bacterianos funcionalmente conservados en determinadas bacterias ambientales. El trabajo muestra el valor del enfoque in silico como herramienta discriminante en el cribado preliminar de aditivos naturales.&lt;br /></subfield>
  </datafield>
  <datafield tag="521" ind1=" " ind2=" ">
    <subfield code="a">Graduado en Ingeniería Agroalimentaria y del Medio Rural</subfield>
  </datafield>
  <datafield tag="540" ind1=" " ind2=" ">
    <subfield code="a">Derechos regulados por licencia Creative Commons</subfield>
  </datafield>
  <datafield tag="653" ind1="1" ind2=" ">
    <subfield code="a">Análisis in silico</subfield>
  </datafield>
  <datafield tag="653" ind1="1" ind2=" ">
    <subfield code="a">aditivos alimentarios naturales</subfield>
  </datafield>
  <datafield tag="653" ind1="1" ind2=" ">
    <subfield code="a">actividad antimicrobiana</subfield>
  </datafield>
  <datafield tag="856" ind1="0" ind2=" ">
    <subfield code="f">701761@unizar.es</subfield>
  </datafield>
  <datafield tag="856" ind1="4" ind2=" ">
    <subfield code="s">3064518</subfield>
    <subfield code="u">http://zaguan.unizar.es/record/170683/files/TAZ-TFG-2026-420.pdf</subfield>
    <subfield code="y">Memoria (spa)</subfield>
  </datafield>
  <datafield tag="909" ind1="C" ind2="O">
    <subfield code="o">oai:zaguan.unizar.es:170683</subfield>
    <subfield code="p">driver</subfield>
    <subfield code="p">trabajos-fin-grado</subfield>
  </datafield>
  <datafield tag="950" ind1=" " ind2=" ">
    <subfield code="a"></subfield>
  </datafield>
  <datafield tag="691" ind1=" " ind2=" ">
    <subfield code="a">2</subfield>
  </datafield>
  <datafield tag="692" ind1=" " ind2=" ">
    <subfield code="a">La posibilidad de utilizar aditivos de origen natural, en cambio de los sintéticos, contribuye de forma innegable a una alimentación más sana y a largo plazo</subfield>
  </datafield>
  <datafield tag="700" ind1=" " ind2=" ">
    <subfield code="a">Mainar Fernández, Ana María</subfield>
    <subfield code="e">dir.</subfield>
  </datafield>
  <datafield tag="700" ind1=" " ind2=" ">
    <subfield code="a">Martínez López, José Francisco</subfield>
    <subfield code="e">dir.</subfield>
  </datafield>
  <datafield tag="710" ind1="2" ind2=" ">
    <subfield code="a">Universidad de Zaragoza</subfield>
    <subfield code="b">Química Física</subfield>
    <subfield code="c"></subfield>
  </datafield>
  <datafield tag="980" ind1=" " ind2=" ">
    <subfield code="a">TAZ</subfield>
    <subfield code="b">TFG</subfield>
    <subfield code="c">EPSHUES</subfield>
  </datafield>
  <datafield tag="999" ind1=" " ind2=" ">
    <subfield code="a">20260226081059.CREATION_DATE</subfield>
  </datafield>
  <datafield tag="951" ind1=" " ind2=" ">
    <subfield code="a">deposita:2026-04-29</subfield>
  </datafield>
</record>
</collection>